Politiques agricoles: économies émergentes et pays en transition 2001 regards sur les mesures non tarifaires
Na minha lista:
| Formato: | Livro |
|---|---|
| Idioma: | francês |
| Publicado em: |
Paris
OCDE
2001
|
| Colecção: | Agriculture et alimentation
|
| Assuntos: | |
| Tags: |
Sem tags, seja o primeiro a adicionar uma tag!
|
MARC
| LEADER | 00000nam a2200000 4500 | ||
|---|---|---|---|
| 001 | c130446 | ||
| 005 | 20230719114847.1 | ||
| 020 | |a 92-64-28686-1 | ||
| 041 | 0 | |a fre | |
| 044 | |a FR | ||
| 245 | 1 | 0 | |a Politiques agricoles: économies émergentes et pays en transition 2001 |b regards sur les mesures non tarifaires |
| 264 | 1 | |a Paris |b OCDE |c 2001 | |
| 300 | |a 238 s. | ||
| 490 | 1 | |a Agriculture et alimentation | |
| 830 | 0 | |a Agriculture et alimentation | |
| 610 | 2 | 0 | |a poľnohospodárstvo |
| 610 | 2 | 0 | |a politika poľnohospodárska |
| 610 | 2 | 0 | |a krajiny rozvojové |
| 610 | 2 | 0 | |a transformácia |
| 610 | 2 | 0 | |a dohody medzinárodné |
| 610 | 2 | 0 | |a obchod |
| 610 | 2 | 0 | |a dovoz |
| 610 | 2 | 0 | |a potraviny |
| 610 | 2 | 0 | |a svet |
| 610 | 2 | 0 | |a OECD |